00700nam a2200229 a 4500001001300000003000900013005001700022008004100039020002300080082002200103100001700125245004600142260004500188300000900233500003500242505001000277650002800287902000800315942000700323952012300330999001700453nice12345678IN_TiNIC20260116014855.0111005s2011 dela grp 000 0 eng  a9788170185864c69500a306.0899145bROY1 aRoy, Shibani aTribal Customary Laws of North-East India aDelhibB.R.Publishing Corporation c2011 a204p aincludes index and biblioraphy2 aIndex aTribes-India-North East bSRS cBK 001040708StackRoom-aHMIbHMId2011-10-05g695.00l0o306.0899145 ROY1p023690r2011-10-05v695.00w2011-10-05yBK c17363d17363